000 01824nam a2200505 i 4500
001 29927
003 KOSZ 005
005 20200722102243.0
008 970513s1992 pl f |000 0 pol
015 _aUWD 1992/11454
020 _a8385517022
035 _a991001573939705066
035 _a(PL-WaBN)b10448512-48omnis_nlop
035 _ab10448512
035 _a(OCoLC)830060780
035 _a(PL)b0000001044851
035 _a(EXLNZ-48OMNIS_NETWORK)9910288517005606
040 _aWA N
_cWA N
_dKOSZ 005/EG
041 0 _apol
_ager
080 _a811.162.1:811.112.2'374
080 _a33
245 0 0 _aPolsko-niemiecki słownik biznesmena =
_bPolnisch-deutsches Wörterbuch für Geschäftsleute : opracowanie zespołowe /
_cpod red. Grażyny Hatały i Piotra Ratajczaka.
246 1 4 _aSłownik biznesmena polsko-niemiecki
260 _aZielona Góra :
_b"Kanion",
_c1992.
300 _a[4], 425, [3] s. ;
_c21 cm.
336 _aTekst
_btxt
_2rdacontent
337 _aBez urządzenia pośredniczącego
_bn
_2rdamedia
338 _aWolumin
_bnc
_2rdacarrier
380 _aKsiążki
388 _a1901-2000
388 _a1989-2000
500 _aTyt. okł. : Słownik biznesmena polsko-niemiecki.
521 _aDla bankowców, przedsiębiorców, menedżerów, handlowców, eksporterów.
650 7 _aNauki ekonomiczne
_2DBN
650 7 _aTerminologia
655 7 _aSłownik polsko-niemiecki
_2DBN
655 7 _aSłownik terminologiczny
_2DBN
658 _aGospodarka, ekonomia, finanse
658 _aJęzykoznawstwo
700 1 _aHatała, Grażyna
_eRedakcja
700 1 _aRatajczak, Piotr
_eRedakcja
856 _uhttp://koha.tu.koszalin.pl/cgi-bin/koha/opac-detail.pl?biblionumber=29927
_yKatalog online BPK
942 _2UKD
_cKS
999 _c29927
_d29927